LEADER 00900cam2 22002651 450 001 SOBE00055789 005 20170523144618.0 100 $a20170523d1991 |||||ita|0103 ba 101 $aita 102 $aIT 200 1 $a<<70: >>Redon$f[testo di Anna Maestri] 210 $aMilano$cFabbri$d1991$hstampa 1993 215 $a[6] p., 16 p. di tav.$cill.$d36 cm 461 1$1001SOBE00055268$12001 $a<>maestri del colore$v70 700 1$aRedon$b, Odilon$3A600200026680$4070$0601860 702 1$aMaestri, Anna$3SOBA00014392$4070 801 0$aIT$bUNISOB$c20170523$gRICA 850 $aUNISOB 852 $aUNISOB$j700|Coll|76|K$m168384 912 $aSOBE00055789 940 $aM 102 Monografia moderna SBN 941 $aM 957 $a700|Coll|76|K$b000070$gCON$d168384$n20170508$rdono$tN$1menle$2UNISOB$3UNISOB$420170523144549.0$520170523144618.0$6menle 996 $aRedon$91726136 997 $aUNISOB LEADER 00877nam a2200277 i 4500 001 991003429459707536 005 20020509121958.0 008 980220s|||| de ||| | ger 020 $a3406085059 035 $ab11160238-39ule_inst 035 $aPARLA181720$9ExL 040 $aDip.to Filosofia$bita 082 0 $a193 100 1 $aEuchner, Walter$0184803 245 10$aKarl Marx /$cWalter Euchner 260 $aMunchen :$bBeck, 300 $a202 p. ;$c18 cm. 490 0 $aGrosse Denker 490 0 $aBeck'sche schwarze Reihe ;$v505 650 4$aMarx, Karl 907 $a.b11160238$b23-02-17$c28-06-02 912 $a991003429459707536 945 $aLE005 193 MAR01. EUC01. 01$g1$i2005000009082$lle005$o-$pE0.00$q-$rl$s- $t0$u0$v0$w0$x0$y.i11303505$z28-06-02 996 $aKarl Marx$9872766 997 $aUNISALENTO 998 $ale005$b01-01-98$cm$da $e-$fger$gde $h0$i1